000
00274nam a22001337a 4500
082
_a
823
_b
BAN/C
100
_a
BANERGEE
100
_a
KHOSLA
245
_a
CLASSIC TALES
260
_a
NEW DELHI
_b
ARORA BOOK COMPANY
300
_a
48/-
650
_a
STORY
_z
INDIA
942
_c
BK
999
_c
7216
_d
7216